000 00722na a2200241 4500
001 18273
003 MIRAKIL
005 20181213155034.0
008 161115b tu 000 0
020 _a9786056527739
040 _aMilas
_btur
_cTR-AnCHP
041 _atur
082 _a297.4241
_bÖ97k 2015
090 _a297.4241 Ö97k 2015
100 _aÖztürk, Mustafa
245 _aKur'an ve yaradılış
_cMustafa Öztürk,yay. haz.Ahmet Baydar
260 _aİstanbul
_bİstanbul 29 Mayıs Üniversitesi Kur'an Araştırmaları Merkezi Yayınları
_c2015
300 _a264 s.
_c23 sm.
650 _aİslam dini
_xKur'an
650 _aİslam dini
_xyaradılış
700 _aBaydar, Ahmet
942 _2dcc
_cBKS
999 _c5346
_d5346